[Event "NOR-ch 2018"]
[Site "Moss"]
[Date "2018.07.08"]
[Round "3"]
[White "Martinsen, Stig K"]
[Black "Lillevold, Frode"]
[Result "1-0"]
[WhiteElo "2189"]
[BlackElo "2054"]
[Annotator "NA"]
[PlyCount "72"]
[EventDate "2018.07.06"]
[EventCountry "NOR"]
[SourceTitle "playchess.com"]
[Source "ChessBase"]
[SourceQuality "1"]

1. g3 e5 2. Bg2 d5 3. d3 Nf6 4. Nf3 Nc6 5. O-O Be7 6. c3 O-O 7. b4 e4 8. dxe4 Nxe4 9. Qb3 Be6 10. Rd1 Bf6 11. Be3 Qe7 12. Nd4 Nxd4 13. cxd4 c6 14. f3 Nd6 15. Nc3 h5 16. Bf2 Rae8 17. b5 Bd7 18. a4 Nc4 19. e4 Be6 20. Bf1 Na5 21. Qb2 dxe4 22. Nxe4 Bd5 23. Bd3 c5 24. Bc2 Bxe4 25. Bxe4 Rd8 26. Qa3 cxd4 27. Qxe7 Bxe7 28. Kf1 Bf6 29. Rac1 Rc8 30. Ke2 b6 31. Rxc8 Rxc8 32. Bxd4 Be7 33. Be3 Rd8 {Rxd8+Bxd8 [%clk 0:01:01]} 34. Bd5 Kf8 35. Kd3 {Bc7 [%clk 0:00:51] Bd4 [%clk 0:00:32]} h4 36. gxh4 {Bxh2 [%clk 0:01:26] h5 [%clk 0:00:38] Bf4 [%clk 0:00:47] Ke4 [%clk 0:00:40] Bh6 [%clk 0:00:41] Be5 [%clk 0:25:33] Ke7 [%clk 0:27:53] Bb8 [%clk 0:21:11] Kd7 [%clk 0:28:02] Bxf7 [%clk 0:18:08]} Nb7 {Kf5 [%clk 0:12:36]} 1-0

[Event "NOR-ch 2018"]
[Site "Moss"]
[Date "2018.07.08"]
[Round "3"]
[White "Bentsen, Hakon"]
[Black "Fossan, Petter"]
[Result "0-1"]
[WhiteElo "2143"]
[BlackElo "2321"]
[Annotator "NA"]
[PlyCount "110"]
[EventDate "2018.07.06"]
[EventCountry "NOR"]
[SourceTitle "playchess.com"]
[Source "ChessBase"]
[SourceQuality "1"]

1. e4 e6 2. d4 d5 3. Nd2 Nc6 4. Ngf3 Nf6 5. e5 Nd7 6. c3 f6 7. exf6 Qxf6 8. Bb5 Bd6 9. O-O O-O 10. Qe2 e5 {C04: Französische Verteidigung (Tarrasch-Variante)} 11. Bxc6 (11. Bd3 $15) 11... bxc6 12. dxe5 Nxe5 13. Nxe5 Bxe5 14. f4 Bxf4 $146 ({Vorgänger:} 14... Bd6 15. Nb3 a5 16. Qf3 Bf5 17. Be3 a4 18. Nc5 {0-1 (30) Schmidt,A (2115)-Buchenau,F (2261) Germany 2017}) 15. Nf3 Bd6 16. Be3 Bg4 17. Qd3 Bf5 18. Qd2 Qg6 19. Rf2 Be4 20. Raf1 Qh5 21. h3 Bg3 22. Bc5 Bxf2+ 23. Rxf2 Rf7 24. Nd4 Rxf2 25. Qxf2 Qg6 $19 26. a4 a6 27. a5 h6 28. Kh2 Re8 29. g4 Kh7 30. Qf4 h5 31. Kg3 Bd3 32. Nf3 hxg4 33. hxg4 Qf6 34. Qxc7 Be2 35. Qf4 Qxf4+ 36. Kxf4 Re4+ 37. Kg3 Bxf3 38. Kxf3 Kg6 39. Bd4 Kf7 40. b4 Re7 41. Bc5 Re1 42. Kf4 Kg6 43. Bd4 Re2 44. Kf3 Re4 45. Kg3 Kg5 46. Bxg7 Rxg4+ 47. Kf3 Kf5 48. Bd4 Rh4 49. Ke3 Rh3+ 50. Kd2 Ke4 51. Kc2 Rh2+ 52. Kb3 Kd3 53. Bf6 Rh1 54. Kb2 Kc4 55. Bd4 Rh2+ 0-1

[Event "NOR-ch 2018"]
[Site "Moss"]
[Date "2018.07.08"]
[Round "3"]
[White "Johansen, Oivind"]
[Black "Al-Tarbosh, Ward"]
[Result "0-1"]
[WhiteElo "2105"]
[BlackElo "2283"]
[Annotator "NA"]
[PlyCount "70"]
[EventDate "2018.07.06"]
[EventCountry "NOR"]
[SourceTitle "playchess.com"]
[Source "ChessBase"]
[SourceQuality "1"]

1. d4 d5 2. Nf3 Nf6 3. Bf4 c5 4. e3 Nc6 5. h3 {D02: 1 d4 d5 2 Nf3 sidelines, including 2...Nf6 3 g3 and 2...Nf6 3 Bf4} (5. c3 e6 6. Nbd2 Bd6 7. dxc5 Bxc5 8. Bd3 h6 9. Qe2 Nh5 10. Bg3 Nxg3 11. hxg3 Bd7 12. e4 dxe4 13. Nxe4 Be7 14. g4 Qc7 15. g5 O-O-O 16. gxh6 gxh6 {½-½ (101) Mamedyarov,S (2809)-Nakamura,H (2787) Moscow 2018}) 5... Qb6 6. b3 Bf5 7. Bd3 Bxd3 8. Qxd3 e6 9. O-O Be7 10. c3 O-O 11. Nbd2 Rac8 $146 12. Ne5 Nxe5 13. dxe5 Nd7 14. e4 Qc6 15. Qg3 Kh8 16. exd5 exd5 17. Rad1 Rfd8 18. Rfe1 Nf8 19. Qg4 Qg6 20. Qe2 Qc2 21. Rc1 Qf5 22. Bh2 Ne6 23. Rcd1 a6 24. Nf1 $11 Bg5 25. g4 Qg6 26. Qf3 d4 27. cxd4 cxd4 28. Qxb7 Rc3 29. Qxa6 Rxh3 30. Ng3 Bf4 31. Kg2 Bxg3 32. Kxh3 Ng5+ 33. Kxg3 Qxa6 34. f4 Ne6 35. Rd2 Nxf4 0-1

[Event "NOR-ch 2018"]
[Site "Moss"]
[Date "2018.07.08"]
[Round "3"]
[White "Abdrlauf, Elham"]
[Black "Moen, Ole Christian"]
[Result "0-1"]
[WhiteElo "2077"]
[BlackElo "2201"]
[Annotator "NA"]
[PlyCount "106"]
[EventDate "2018.07.06"]
[EventCountry "NOR"]
[SourceTitle "playchess.com"]
[Source "ChessBase"]
[SourceQuality "1"]

1. e4 e5 2. Nf3 Nc6 3. Bb5 a6 4. Ba4 d6 5. O-O Bd7 6. d4 Nf6 7. d5 {C79: Ruy Lopez: Steinitz-type lines with 3...a6 4 Ba4 Nf6 5 0-0 d6} Nb8 8. Bxd7+ Nbxd7 9. Re1 Nc5 10. b4 Na4 $146 ({Predecessor:} 10... Ncd7 11. c4 Be7 12. Nc3 O-O 13. Nd2 a5 14. bxa5 Rxa5 {0-1 (41) Savchenko,B (2642)-Demchenko,A (2514) Voronezh 2010}) 11. c4 b5 12. Na3 Qd7 13. c5 Be7 14. c6 Qg4 15. h3 (15. Qc2 $14) 15... Qg6 16. Nh4 Qh5 17. Qxh5 Nxh5 18. Nf5 Bf6 19. g3 g6 20. Ne3 Bg7 21. Bd2 O-O 22. Kg2 f5 23. f3 Bh6 24. Nf1 Kg7 25. Bxh6+ Kxh6 26. Nd2 Rf7 27. Rac1 Raf8 28. Rf1 fxe4 29. fxe4 Rxf1 30. Nxf1 Nb2 31. Rb1 Nd3 32. Rb3 Rf2+ 33. Kg1 Rf3 34. Kg2 Ne1+ 35. Kg1 Rxb3 36. axb3 Nf3+ 37. Kf2 Ng5 38. Ke3 Nxh3 39. Nh2 $19 (39. Nb1 {was the only chance.}) 39... Nf6 40. Nc4 bxc4 41. bxc4 Ng5 42. Kd3 Ngxe4 43. c5 Nxc5+ 44. bxc5 Nxd5 45. cxd6 cxd6 46. Kc4 Ne7 47. c7 Kg5 48. Nf1 Kf5 49. Ne3+ Ke6 50. Nd5 Nc8 51. Nb4 a5 52. Nc6 Kd7 53. Nxa5 Ne7 0-1

[Event "NOR-ch 2018"]
[Site "Moss"]
[Date "2018.07.08"]
[Round "3"]
[White "Bruaset, Eivind"]
[Black "Vitenberg, Noam Aviv"]
[Result "0-1"]
[WhiteElo "2046"]
[BlackElo "2220"]
[Annotator "NA"]
[PlyCount "134"]
[EventDate "2018.07.06"]
[EventCountry "NOR"]
[SourceTitle "playchess.com"]
[Source "ChessBase"]
[SourceQuality "1"]

1. e4 c6 2. d4 d5 3. exd5 cxd5 4. c4 Nf6 5. Nc3 e6 6. c5 Be7 7. Nf3 O-O 8. Qc2 {B14: Caro-Kann: Panov-Botvinnik Attack with 5...e6 and 5...g6} b6 9. b4 bxc5 {LiveBook: 5 Games} (9... Nc6 $11 {remains equal.} 10. a3 bxc5 11. dxc5 Qc7) (9... Bb7 10. Rb1 Ne4 11. Bd3 Nd7 12. Nxe4 dxe4 13. Bxe4 Bxe4 14. Qxe4 a5 15. a3 axb4 16. axb4 {½-½ (41) Gordievsky,D (2564)-Volkov,S (2624) Khanty-Mansiysk 2016}) 10. bxc5 Nc6 11. Bb5 Bb7 ({Black should play} 11... Nxd4 $14 12. Nxd4 Bxc5) 12. O-O Rc8 13. Bxc6 $146 ({Predecessor:} 13. Bf4 Qa5 14. Bxc6 Bxc6 15. Rab1 Rfd8 {1-0 (35) Gofshtein,L (2509)-Kononenko,T (2375) Granada 2006}) 13... Bxc6 14. Ne5 Be8 15. Rb1 Nd7 16. Nxd7 Qxd7 17. Qb3 f6 18. Bf4 Bf7 19. Qb7 Rfd8 20. Rb5 Kf8 21. Qxd7 Rxd7 22. Rfb1 e5 23. Be3 Rdc7 24. Ne2 exd4 25. Nxd4 Bxc5 26. h3 Bb6 27. Rd1 g6 28. Kh2 Rc4 29. Rb2 Kg7 30. Re2 Re8 31. Rb2 Re4 32. Nb5 d4 ({Finger weg von} 32... Bxe3 33. fxe3 Rxe3 34. Nxa7 $17) 33. Bd2 Ra4 34. f3 Re5 35. Bf4 Rf5 36. Bg3 Bxa2 37. Ra1 Bb3 38. Rxa4 Bxa4 39. Nxa7 Bc5 40. Nc8 Rd5 41. Bf4 d3 42. Bd2 Re5 43. Rb7+ Kg8 44. Bf4 $2 (44. Nb6 {nur so!} Bd6 45. Nc4) 44... Re2 45. Rc7 Be3 46. Ne7+ Kf8 47. Bd6 d2 48. Nd5+ Ke8 49. Rxh7 {[#]} Bf4+ $19 (49... Bg1+ $142 $1 {[%mdl 512]} 50. Kg3 (50. Kxg1 d1=Q+) 50... d1=Q 51. Nxf6+ Kd8 52. Rh8+ Be8 53. Rxe8+ Rxe8 54. Bc7+ Kxc7 55. Nxe8+ Kd8) 50. Bxf4 d1=Q 51. Nxf6+ Kd8 52. Rh8+ Ke7 53. Ng4 Qf1 54. Kg3 Rxg2+ 55. Kh4 Rxg4+ 56. fxg4 Qxf4 57. Re8+ Kd6 58. Rd8+ Kc5 59. Rd5+ Kc4 60. Rc5+ Kd3 61. Rc3+ Ke4 62. Rc4+ Ke5 63. Rc5+ Kf6 64. Rc6+ Kf7 65. Rxg6 Qf2+ 66. Kh5 Be8 67. Kg5 Qe3+ 0-1

[Event "NOR-ch 2018"]
[Site "Moss"]
[Date "2018.07.08"]
[Round "3"]
[White "Gonzales, Francisco Silva"]
[Black "Thanke, Bror"]
[Result "1/2-1/2"]
[WhiteElo "2045"]
[BlackElo "2190"]
[Annotator "NA"]
[PlyCount "247"]
[EventDate "2018.07.06"]
[EventCountry "NOR"]
[SourceTitle "playchess.com"]
[Source "ChessBase"]
[SourceQuality "1"]

1. d4 Nf6 2. c4 e6 3. Nc3 Bb4 4. Qc2 d5 5. cxd5 exd5 6. Bg5 O-O 7. e3 Nbd7 {E35: Nimzo-Indian: Classical: 4...d5 5 cxd5 exd5} (7... h6 8. Bh4 c5 9. Nf3 Be6 10. Be2 Nbd7 11. O-O Rc8 12. a3 Bxc3 13. Qxc3 g5 14. Bg3 Ne4 15. Qe1 Nxg3 16. hxg3 {½-½ (72) Bindrich,F (2590)-Papp,G (2608) Austria 2016}) 8. Bd3 h6 9. Bh4 c5 10. a3 cxd4 $146 ({Predecessor:} 10... Bxc3+ 11. bxc3 Qa5 12. Ne2 b6 13. O-O Ba6 14. a4 cxd4 15. exd4 {1-0 (46) Cebalo,M (2409)-Bajlo,K (2105) Zagreb 2016}) 11. axb4 dxc3 12. bxc3 Ne5 13. Ne2 Bg4 14. Nd4 Nc6 15. Nxc6 bxc6 16. Ra6 Bd7 (16... Qd6 $16 {was worth a try.} 17. Bg3 Qd7) 17. O-O Qc7 18. Bg3 Qb7 19. Rfa1 Rfe8 20. Bd6 Ne4 21. Bxe4 Rxe4 22. Bc5 Bf5 23. Qd2 Re6 24. Rxa7 Rxa7 25. Rxa7 Qb5 26. Ra8+ Kh7 27. f3 Qc4 28. Bd4 Rg6 29. g4 Qd3 30. Qxd3 Bxd3 31. Kf2 Re6 32. h4 Re7 33. Rc8 Bb5 34. h5 Rd7 35. Kg3 Ba4 36. Kf4 Re7 37. Bc5 Re6 38. Rc7 Kg8 39. Bd4 Bd1 40. Kg3 Ba4 41. Kf2 Re8 42. Ra7 Bb5 43. f4 Bd3 44. Rc7 Bb5 45. g5 Ba4 46. Ke1 Bb5 47. Kd2 Ra8 48. Ba7 Re8 49. Bd4 Ra8 50. Ke1 Ba4 51. Kf2 Rb8 52. Kg3 Re8 53. Kh4 Bb5 54. Be5 hxg5+ 55. Kg3 gxf4+ 56. exf4 Re6 57. Rc8+ Kh7 58. Rf8 f6 59. Bd4 Re1 60. Kg2 Re6 61. f5 Re7 62. Kf2 $11 Re4 63. Kg3 Kh6 64. Rg8 Be2 65. Rc8 Bb5 66. Rg8 Re7 67. Kf4 Kh7 68. Rc8 Re4+ 69. Kf3 Rh4 70. Rc7 Rxh5 71. Kf4 Bd3 72. Ke3 Rh3+ 73. Kf4 Rh4+ 74. Kg3 Rh6 75. Rxc6 Bxf5 76. b5 Bd7 77. Rc5 Rh1 78. Rxd5 Be6 79. Rd6 Bc4 80. b6 Rb1 81. Rc6 Bd5 82. Rc7 Kg6 83. c4 Rb3+ 84. Kf2 Bh1 85. c5 Rb4 86. Ke3 Rb3+ 87. Ke2 Bf3+ 88. Kf2 Rd3 89. Be3 Be4 90. b7 Rb3 91. c6 Bxc6 92. Rxc6 Rxb7 93. Bb6 Rd7 94. Ke3 Rd5 95. Rc7 Re5+ 96. Kd3 Re6 97. Bd4 Re8 98. Rd7 Re6 99. Bc5 Re8 100. Bd4 Re6 101. Kc4 Re8 102. Kd5 Re2 103. Kd6 Re1 104. Ra7 Rd1 105. Kc5 Rc1+ 106. Kd5 Rd1 107. Ke4 Re1+ 108. Kf3 Rd1 109. Bc5 Rd8 110. Kf4 Rc8 111. Bd6 Rd8 112. Be7 Re8 113. Ba3 Rc8 114. Be7 Re8 115. Rb7 Rc8 116. Ke4 Ra8 117. Kd5 Kf5 118. Kd6 Ra6+ 119. Kd5 g5 120. Rb8 g4 121. Bd6 Ra1 122. Rb4 Rd1+ 123. Rd4 Rxd4+ 124. Kxd4 1/2-1/2

[Event "NOR-ch 2018"]
[Site "Moss"]
[Date "2018.07.08"]
[Round "3"]
[White "Mansoor, Afras"]
[Black "Dias, Ethan"]
[Result "1-0"]
[WhiteElo "1973"]
[BlackElo "1782"]
[Annotator "NA"]
[PlyCount "79"]
[EventDate "2018.07.06"]
[EventCountry "NOR"]
[SourceTitle "playchess.com"]
[Source "ChessBase"]
[SourceQuality "1"]

1. c4 c5 2. g3 Nf6 3. Bg2 d5 4. cxd5 Nxd5 5. Nc3 Nxc3 6. bxc3 e5 7. d3 Be7 8. Nf3 Nc6 9. O-O O-O 10. Rb1 Rb8 11. Qa4 Be6 12. Rd1 Qd7 13. Be3 Rfd8 14. h4 f6 15. Rd2 Rbc8 16. d4 cxd4 17. cxd4 Nxd4 18. Qxd7 Rxd7 19. Nxd4 exd4 20. Rxd4 Rxd4 21. Bxd4 b6 22. a4 Rc4 23. e3 Rxa4 24. Rc1 Rc4 25. Ra1 Rc7 26. Bf3 Kf7 27. Kg2 Bd6 28. Be4 f5 29. Bf3 Bc8 30. Kf1 g6 31. h5 Bb7 32. hxg6+ hxg6 33. Be2 Bd5 34. g4 Ke6 35. gxf5+ gxf5 36. f3 Be5 37. Bxe5 Kxe5 38. f4+ Kf6 39. Bd3 Rh7 40. Ra3 1-0

[Event "NOR-ch 2018"]
[Site "Moss"]
[Date "2018.07.08"]
[Round "3"]
[White "Fuglestein, Sander"]
[Black "Vestjord, Harald Christian"]
[Result "1-0"]
[WhiteElo "1834"]
[BlackElo "1735"]
[Annotator "NA"]
[PlyCount "40"]
[EventDate "2018.07.06"]
[EventCountry "NOR"]
[SourceTitle "playchess.com"]
[Source "ChessBase"]
[SourceQuality "1"]

1. d4 d5 2. c4 c6 3. Nc3 Nf6 4. Nf3 e6 5. e3 Nbd7 6. Qc2 Bd6 7. g4 Nxg4 8. Rg1 Ndf6 9. h3 {Nh6Rxg7 [%clk 1:29:28] Nf5 [%clk 1:08:03] Rg1 [%clk 1:27:55]} Qe7 10. Bd3 dxc4 11. Bxc4 e5 12. dxe5 Bxe5 13. Nxe5 Qxe5 14. Ne2 {Nd6 [%clk 0:42:26] Bd3 [%clk 0:58:28]} Bf5 {Bxf5 [%clk 0:56:04]} 15. Qxf5 Qxf5 {Nxf5 [%clk 0:31:25]} 16. b3 Rg8 {Rxg8+ [%clk 0:51:36] Nxg8 [%clk 0:22:57]} 17. Bb2 O-O-O 18. Nf4 {Nge7 [%clk 0:20:27] Ke2 [%clk 0:48:00] Ng6 [%clk 0:19:39]} Nh5 {Kc7 [%clk 0:16:23] Nf6 [%clk 0:44:29] h6 [%clk 0:15:38]} 19. Rd1 Rxd1+ 20. Kxd1 {Kd6 [%clk 0:14:25] Kd2 [%clk 0:37:51] Ke6 [%clk 0:11:39] e4 [%clk 0:34:47] Nd6 [%clk 0:10:36] Ke3 [%clk 0:34:05] Nh4 [%clk 0:03:47] f4 [%clk 0:26:12] Ng2+ [%clk 0:03:23] Kf3 [%clk 0:26:35] Ne1+ [%clk 0:03:12] Ke2 [%clk 0:24:05] Ng2 [%clk 0:03:18] f5+ [%clk 0:21:40] Ke7 [%clk 0:02:53] Ba3 [%clk 0:19:37] Kxf6 [%clk 0:03:13] Bxd6 [%clk 0:20:03] Kg5 [%clk 0:02:33] Kf3 [%clk 0:10:01] Ne1+ [%clk 0:02:54] Kg3 [%clk 0:10:20] Nd3 [%clk 0:02:26] Be7+ [%clk 0:09:59] Kh5 [%clk 0:01:53] Bf6 [%clk 0:05:32] Nc5 [%clk 0:27:46] Kf4 [%clk 0:33:08] Nd3+ [%clk 0:21:39] Ke3 [%clk 0:33:15] Nc5 [%clk 0:22:03] Bd4 [%clk 0:29:12] Nd7 [%clk 0:21:51] e5 [%clk 0:29:15] Kg5 [%clk 0:19:25] Ke4 [%clk 0:27:03] Nf8 [%clk 0:13:51] Bc5 [%clk 0:26:35] Nd7 [%clk 0:13:13] Be3+ [%clk 0:27:01] Kh5 [%clk 0:09:27] e6 [%clk 0:26:17] fxe6 [%clk 0:09:32] fxe6 [%clk 0:26:40] Nf6+ [%clk 0:09:51] Kf5 [%clk 0:25:19] Ne8 [%clk 0:09:31] e7 [%clk 0:25:10]} a6 {Bb6 [%clk 0:25:00] Kh4 [%clk 0:05:36] Kg6 [%clk 0:24:53] Kxh3 [%clk 0:05:28] Kf7 [%clk 0:25:18] Nd6+ [%clk 0:05:47] Kf8 [%clk 0:25:46] h5 [%clk 0:04:02] Bc5 [%clk 0:25:55]} 1-0

[Event "NOR-ch 2018"]
[Site "Moss"]
[Date "2018.07.08"]
[Round "3"]
[White "Kristiansen, Snorre"]
[Black "Melaa, Sondre"]
[Result "0-1"]
[WhiteElo "1739"]
[BlackElo "2019"]
[Annotator "NA"]
[PlyCount "86"]
[EventDate "2018.07.06"]
[EventCountry "NOR"]
[SourceTitle "playchess.com"]
[Source "ChessBase"]
[SourceQuality "1"]

1. e4 e5 2. Nf3 Nc6 3. Nc3 Nf6 4. d4 exd4 5. Nxd4 Bb4 6. Nxc6 bxc6 7. Bd3 d5 8. exd5 cxd5 9. O-O O-O 10. Bg5 c6 11. Na4 h6 12. Bh4 Bd6 13. Kh1 Rb8 14. c3 Re8 15. Bc2 Ba6 16. Re1 Rxe1+ 17. Qxe1 Qe8 18. Bxf6 Qxe1+ 19. Rxe1 gxf6 20. b3 c5 21. Nb2 Be5 22. Na4 Rc8 23. Bf5 Rc7 24. Rd1 d4 25. c4 Bb7 26. Nb2 Kg7 27. Nd3 a5 28. Re1 Bd6 29. h4 Ba6 30. Re8 a4 31. Ra8 Rc6 32. Ra7 Rb6 33. g3 axb3 34. axb3 Bb7+ 35. Kh2 Rxb3 36. Ra5 Rb1 37. Kh3 h5 38. f3 Bxf3 39. Ra2 Rg1 40. Nf4 Rh1+ 41. Rh2 Bg4+ 42. Kg2 Rxh2+ 43. Kxh2 Bxf5 0-1

[Event "NOR-ch 2018"]
[Site "Moss"]
[Date "2018.07.10"]
[Round "5"]
[White "Hammer, Jon Ludvig"]
[Black "Agdestein, Simen"]
[Result "*"]
[WhiteElo "2631"]
[BlackElo "2581"]
[Annotator "TA"]
[PlyCount "32"]
[EventDate "2018.07.06"]
[EventCountry "NOR"]
[SourceTitle "playchess.com"]
[Source "ChessBase"]
[SourceQuality "1"]

{[%evp 13,14,20,34]} 1. d4 Nf6 2. c4 e6 3. Nf3 d5 4. Nc3 Be7 5. Bf4 O-O 6. e3 c5 7. dxc5 Bxc5 8. cxd5 $146 ({Predecessor:} 8. Qc2 Nc6 9. a3 Qa5 10. Rd1 Re8 11. Bg3 Ne4 12. cxd5 exd5 13. Rxd5 Nxc3 14. bxc3 Be6 15. Rd2 Be7 16. Bd3 g6 17. O-O Qxa3 18. Nd4 Nxd4 19. cxd4 {0-1 (37) Mamedyarov,S (2808)-Nakamura,H (2769) Leuven 2018}) 8... Nxd5 9. Nxd5 exd5 10. Bd3 Bb4+ 11. Nd2 Be7 12. O-O Nc6 13. a3 Bf6 14. Rb1 g6 15. h3 Ne5 16. Bxe5 Bxe5 {½-½ (16) Hammer,J (2631)-Agdestein,S (2581) Sarpsborg 2018} *

[Event "NOR-ch 2018"]
[Site "Moss"]
[Date "2018.07.11"]
[Round "6"]
[White "Tari, Aryan"]
[Black "Haldorsen, Benjamin"]
[Result "1-0"]
[WhiteElo "2615"]
[BlackElo "2423"]
[Annotator "TA"]
[PlyCount "91"]
[EventDate "2018.07.06"]
[EventCountry "NOR"]
[SourceTitle "playchess.com"]
[Source "ChessBase"]
[SourceQuality "1"]

{[%evp 18,91,27,12,39,29,41,41,43,37,49,43,47,54,70,66,76,85,75,75,69,82,89,52,71,31,25,0,0,0,0,0,26,20,15,9,20,0,0,0,0,0,0,-13,14,11,6,0,0,0,0,0,0,0,0,0,99,97,108,0,139,31,129,130,169,168,1123,1071,957,928,12841,12842,12843,12843,12847,12847]} 1. e4 c5 2. Nf3 e6 3. d4 cxd4 4. Nxd4 Nc6 5. Nc3 Qc7 6. Be3 a6 7. a3 Nf6 8. f4 d5 {B48: Sicilian: Taimanov: 5 Nc3 Qc7 6 Be3 a6 without Be2} (8... d6 9. Qf3 Nxd4 10. Bxd4 b5 11. Bd3 Bb7 12. Bxf6 gxf6 13. f5 Be7 14. O-O Qc5+ 15. Kh1 h5 16. fxe6 fxe6 17. a4 {1-0 (32) Grischuk,A (2783)-Cori Tello,J (2641) Tbilisi 2017}) 9. e5 Nd7 10. Qd2 {LiveBook: 7 Games} b5 {The position is equal.} 11. Bd3 b4 $146 ({Predecessor:} 11... Nb6 12. Rd1 Bd7 13. Bf2 Na5 14. Nce2 Nac4 15. Qc1 Na4 16. b4 Nab2 17. O-O Nxd1 18. Rxd1 {0-1 (38) Rodshtein,T (2230)-Isgandarova,K (2188) Baku 2016}) 12. axb4 Bxb4 13. O-O O-O 14. Qf2 Nxd4 15. Bxd4 Bc5 16. Nb5 Qb6 17. Bxc5 Qxc5 18. Nd4 a5 19. Rfb1 Bb7 20. c3 Qe7 21. Qc2 h6 22. b4 axb4 23. Rxa8 Rxa8 24. cxb4 {aiming for Qc7.} Qd8 25. Qf2 Qb6 26. Bb5 Nb8 27. Rc1 Ba6 28. Ra1 Bb7 29. Rc1 Ba6 30. Bc6 Bb7 31. Bxb7 Qxb7 32. f5 Nd7 33. fxe6 fxe6 34. Nc6 Nf8 35. h3 Ng6 36. Qc5 Rf8 (36... Ra2 $11 {remains equal.}) 37. b5 Nf4 {Hoping for ...Ne2+.} 38. Ra1 (38. Rb1 $16) 38... Qf7 {[#]} (38... Nd3 $11 39. Qd6 Qxb5) 39. Qe3 ({Better is} 39. Kh2 $1 $16) 39... d4 (39... Kh7 $1 $14) 40. Nxd4 $16 Qg6 {[%csl Gf4][%cal Rg6g2]} 41. Qf3 {And now b6 would win.} Nxg2 $2 (41... Nd5 42. Qg4 Qxg4 43. hxg4 Rb8) 42. Qxg2 $18 {White is clearly winning.} Qd3 43. Nxe6 {[%csl Ge6][%cal Rg2g7]} Qe3+ 44. Kh1 {[%csl Ge6][%cal Rg2g7]} Qxe5 45. Rg1 Rf7 {[#]} 46. Nxg7 $1 {Precision: White = 66%, Black = 54%.} 1-0

[Event "NOR-ch 2018"]
[Site "Moss"]
[Date "2018.07.11"]
[Round "6"]
[White "Agdestein, Simen"]
[Black "Holm, Kristian Stuvik"]
[Result "0-1"]
[WhiteElo "2581"]
[BlackElo "2453"]
[Annotator "TA"]
[PlyCount "68"]
[EventDate "2018.07.06"]
[EventCountry "NOR"]
[SourceTitle "playchess.com"]
[Source "ChessBase"]
[SourceQuality "1"]

{[%evp 19,68,10,20,3,20,11,5,2,9,0,7,8,15,15,32,33,98,89,95,106,79,0,86,0,0,0,0,-13,-17,-66,-66,-65,-64,-69,-79,-118,-110,-598,-596,-568,-612,-464,-391,-1019,-897,-891,-781,-818,-863,-29986,-29987]} 1. Nf3 d5 2. b3 Nf6 3. Bb2 e6 4. e3 Be7 5. d4 O-O 6. Bd3 c5 7. O-O b6 8. Qe2 Bb7 9. Nbd2 Ne4 {D05: Damenbauernspiele (Colle-Aufbau)} (9... Nbd7 10. c4 cxd4 11. exd4 Re8 12. Rac1 Rc8 13. Rfd1 Bf8 14. Ne5 dxc4 15. bxc4 Nxe5 16. dxe5 Nd7 17. Be4 Qc7 18. Bxb7 Qxb7 19. Ne4 {1-0 (49) Mamedyarov,S (2804)-Ju,W (2572) chess.com INT 2018}) 10. Rfd1 Nd7 {LiveBook: 4 Partien} 11. Nf1 Qc7 {Die Stellung ist ausgeglichen.} 12. c4 dxc4 $146 ({Vorgänger:} 12... Rad8 13. cxd5 exd5 14. Rac1 Qb8 {½-½ (14) Paneque,P (2375)-Perez Garcia,R (2385) Cienfuegos 1997}) 13. bxc4 Rad8 14. Qc2 f5 15. Ng3 Ndf6 {[#]} 16. d5 $1 {[%cal Rg3e4][%mdl 512]} Nxg3 (16... exd5 17. Nxf5) 17. hxg3 exd5 (17... Ng4 $14) 18. Bxf5 d4 19. Ng5 Qc6 {[%csl Gb7][%cal Rc6g2] [#]} 20. f3 (20. Bxh7+ $2 Kh8 $19) (20. Bh3 $16) 20... Bc8 (20... Qd6 $11 {bleibt in der Remisbreite.} 21. Nxh7 (21. Bxh7+ Kh8 $11) 21... Bxf3 22. gxf3 Qxg3+ 23. Qg2 Qxg2+ 24. Kxg2 Nxh7 25. Be6+ Kh8) 21. exd4 (21. Bxh7+ $16 Kh8 22. Qg6 (22. exd4 cxd4 23. Qg6 Qxc4 $11)) 21... cxd4 $11 {zielt auf ...d3! ab.} 22. Bxh7+ Kh8 23. Bd3 (23. Rxd4 $2 Qc5 $19) ({Nur nicht} 23. Bxd4 $2 Bc5 $19) 23... Ng4 24. Bc1 Ne3 25. Bxe3 $1 dxe3 26. Ne4 $1 Qh6 {[%mdl 1024] Weiss muss nun ...Lf5 beachten. Schwarz hat Kompensation.} 27. Qe2 Bb7 {Und weiter mit ...Lxe4 wäre nett.} 28. Nc3 $2 {[%mdl 8192]} (28. f4 $17) 28... Bc5 $19 29. Rab1 Bc6 30. f4 Rf6 {[%cal Bf8f6,Bf6d6,Bd6d5,Bd5h5][%mdl 32]} 31. Rb3 $2 (31. Nd5 Bxd5 32. Be4 Bxe4 33. Rxd8+ Kh7 34. Rb5) 31... Rfd6 32. Nd5 Bxd5 33. cxd5 Rxd5 {( -> ...Th5)} 34. Rc1 Rh5 {Precision: Weiß = 28%, Schwarz = 58%.} 0-1

[Event "NOR-ch 2018"]
[Site "Moss"]
[Date "2018.07.11"]
[Round "6"]
[White "Urkedal, Frode Olav Olsen"]
[Black "Hammer, Jon Ludvig"]
[Result "0-1"]
[WhiteElo "2552"]
[BlackElo "2631"]
[Annotator "ChessBase"]
[PlyCount "70"]
[EventDate "2018.07.06"]
[EventCountry "NOR"]
[SourceTitle "playchess.com"]
[Source "ChessBase"]
[SourceQuality "1"]

1. d4 Nf6 2. c4 e6 3. Nf3 d5 4. Nc3 Bb4 5. cxd5 exd5 6. Bg5 h6 7. Bh4 O-O 8. e3 Bf5 9. Nd2 g5 10. Bg3 c5 11. a3 Bxc3 12. bxc3 c4 13. h4 Nbd7 14. Be2 Kg7 15. Qc1 Re8 16. O-O Rc8 17. Re1 Bg6 18. a4 Rc6 19. a5 Bd3 20. Qb2 Qc8 21. Bd1 a6 22. Ba4 Rce6 23. hxg5 hxg5 24. Nf3 Ne4 25. Ne5 Rh8 26. f3 Reh6 27. fxe4 Nf6 28. Bd7 Nxe4 29. Bh3 g4 30. Rf1 f6 31. Nxg4 Rxh3 32. gxh3 Rxh3 33. Bf4 Qxg4+ 34. Qg2 Ng3 35. Rf2 Be4 0-1

[Event "NOR-ch 2018"]
[Site "Moss"]
[Date "2018.07.11"]
[Round "6"]
[White "Notkevich, Benjamin Arvola"]
[Black "Christiansen, Johan-Sebastian"]
[Result "1-0"]
[WhiteElo "2471"]
[BlackElo "2506"]
[Annotator "ChessBase"]
[PlyCount "81"]
[EventDate "2018.07.06"]
[EventCountry "NOR"]
[SourceTitle "playchess.com"]
[Source "ChessBase"]
[SourceQuality "1"]

1. e4 e6 2. d4 d5 3. e5 c5 4. c3 Nc6 5. Nf3 Qb6 6. a3 f6 7. Bd3 fxe5 8. dxe5 Nh6 9. c4 Nf7 10. O-O Be7 11. Re1 d4 12. Nbd2 Qc7 13. Ne4 Ncxe5 14. Nxe5 Qxe5 15. Ng3 Qd6 16. b4 Bd7 17. Qf3 O-O 18. Qh5 g6 19. Bxg6 hxg6 20. Qxg6+ Kh8 21. Bh6 Rg8 22. Qxf7 e5 23. Bf4 exf4 24. Rxe7 Qh6 25. Rxd7 fxg3 26. hxg3 Rae8 27. Rd5 Rgf8 28. Qh5 Qxh5 29. Rxh5+ Kg8 30. Rg5+ Kh8 31. Rh5+ Kg8 32. Rg5+ Kh8 33. Rxc5 Re2 34. f4 d3 35. Rh5+ Kg7 36. Rd1 Rd8 37. Rd5 Rde8 38. R5xd3 Ra2 39. R1d2 Ra1+ 40. Kf2 Ree1 41. Kf3 1-0